| 000 | 00604nam a2200241Ia 4500 | ||
|---|---|---|---|
| 003 | OSt | ||
| 005 | 20220223104547.0 | ||
| 008 | 210210b1921 xxu||||| |||| 00| 0 eng d | ||
| 040 |
_aAL _c |
||
| 041 | _aeng | ||
| 082 | _a335/183 | ||
| 100 |
_aKEATINGE (G) _921590 |
||
| 245 | _aAgricultural progress in western India | ||
| 260 |
_aNew York _bLongman Green & Co. _c1921 |
||
| 650 |
_awestern _921591 |
||
| 650 |
_aprogress _921592 |
||
| 650 |
_aIndia _921593 |
||
| 650 |
_ain _921594 |
||
| 650 |
_aAgricultural _921595 |
||
| 690 |
_aIndian Economics _921596 |
||
| 906 | _a004525 | ||
| 942 |
_2ddc _cBK |
||
| 999 |
_c125940 _d125940 |
||